| 000 | 00352nam a22001337a 4500 | ||
|---|---|---|---|
| 020 | _a9786035003216 | ||
| 040 | _cNUST | ||
| 082 |
_a297 _bABD |
||
| 100 |
_aAbdul Aziz, Molvi _982291 |
||
| 245 | _a Islam A Total Beginners Guide Part One | ||
| 260 |
_aRiyadh: _bDarussalam Publishers And Distributors, _c2014. |
||
| 300 | _bPart One | ||
| 942 |
_2ddc _cBK |
||
| 999 |
_c586448 _d586448 |
||